Vplyv dlhovej krízy na výkon menovej politiky ECB bakalárska práca

Enregistré dans:
Détails bibliographiques
Auteur principal: Králiková, Patrícia
Collectivité auteur: Národohospodárska fakulta EU. Katedra bankovníctva a medzinárodných financií
Autres auteurs: Kozmová, Lucia
Format: Livre
Langue:slovaque
Publié: Bratislava 2014
Tags: Ajouter un tag
Pas de tags, Soyez le premier à ajouter un tag!

MARC

LEADER 00000nbm a2200000 4500
001 0189367
005 20170201085327.6
041 0 |a slo 
044 |a SK 
245 1 0 |a Vplyv dlhovej krízy na výkon menovej politiky ECB  |b bakalárska práca  |c Patrícia Králiková ; školiteľ: Lucia Kozmová 
264 1 |a Bratislava  |c 2014 
300 |a 50 s. 
100 1 |a Králiková, Patrícia 
700 1 |a Kozmová, Lucia 
710 2 |a Národohospodárska fakulta EU. Katedra bankovníctva a medzinárodných financií